[Event "Barcelona Sant Marti op 7th"]
[Site "Barcelona"]
[Date "2018.03.08"]
[Round "9"]
[White "Aguilera Vilar, Montserrat"]
[Black "Tordera Jumilla, Joaquim"]
[Result "0-1"]
[WhiteElo "1700"]
[BlackElo "1087"]
[PlyCount "62"]
[EventDate "2018.01.11"]
[EventType "swiss"]
[EventRounds "9"]
[EventCountry "ESP"]
[SourceTitle "EXT 2019"]
[Source "ChessBase"]
[SourceDate "2018.10.10"]
[SourceVersion "1"]
[SourceVersionDate "2018.10.10"]
[SourceQuality "1"]

1. e4 e6 2. Nf3 d5 3. Nc3 a6 4. d4 Bb4 5. Bg5 Ne7 6. Bd3 h6 7. Bh4 f6 8. Qe2 g5 9. Bg3 Bxc3+ 10. bxc3 Nbc6 11. exd5 Nxd5 12. Qd2 Qe7 13. Bg6+ Kf8 14. 0-0 Rg8 15. Qd3 f5 16. Bh5 f4 17. Bg4 Nf6 18. Bxe6 Qxe6 19. Rfe1 Qf7 20. Rad1 fxg3 21. c4 Ng4 22. Rd2 Bf5 23. Qa3+ Kg7 24. hxg3 Rad8 25. d5 Rge8 26. Rf1 Nce5 27. Nd4 Nxc4 28. Qc3 Nxd2 29. Qxd2 Rxd5 30. Qc3 c6 31. Qc5 Rxc5 0-1

[Event "Barcelona Sant Marti op 7th"]
[Site "Barcelona"]
[Date "2018.01.18"]
[Round "2"]
[White "Aguilera Vilar, Montserrat"]
[Black "Hinarejos Montano, Andres"]
[Result "0-1"]
[WhiteElo "1700"]
[BlackElo "1613"]
[PlyCount "94"]
[EventDate "2018.01.11"]
[EventType "swiss"]
[EventRounds "9"]
[EventCountry "ESP"]
[SourceTitle "EXT 2019"]
[Source "ChessBase"]
[SourceDate "2018.10.10"]
[SourceVersion "1"]
[SourceVersionDate "2018.10.10"]
[SourceQuality "1"]

1. e4 e5 2. Nf3 d6 3. Bc4 Be7 4. Nc3 Nf6 5. d3 h6 6. Bb5+ c6 7. Ba4 0-0 8. 0-0 a5 9. Bb3 Bg4 10. Be3 b5 11. Qe1 a4 12. Bxa4 bxa4 13. d4 Bxf3 14. gxf3 Kh7 15. dxe5 dxe5 16. f4 exf4 17. Bxf4 Qc8 18. Rd1 Qg4+ 19. Kh1 Qxf4 20. Rg1 Nbd7 21. Rd3 Nh5 22. Rh3 g6 23. Qd1 Ne5 24. Re1 Rfd8 25. Qe2 Rd2 26. Qe3 Rxf2 27. Re2 Rxe2 28. Nxe2 Qxe3 29. Rxe3 Rd8 30. Nc3 Nf4 31. h4 a3 32. bxa3 Bxa3 33. Kg1 Bc5 34. Kf2 Bxe3+ 35. Kxe3 Ne6 36. a4 Nc4+ 37. Ke2 Rd2+ 38. Ke1 Rxc2 39. Ne2 Ra2 40. Nc3 Ra3 41. Kd1 Rxc3 42. a5 Nd4 43. a6 Ra3 44. Kc1 Rxa6 45. Kb1 Rb6+ 46. Ka2 Rb2+ 47. Ka1 Nb3# 0-1